000 00677nam a22002297a 4500
003 DO-SdBNP
005 20211020145737.0
007 ta
008 210915b2019 dr ||||| |||| 00| p spa d
020 _a9789945092219
040 _aDO-SdBNP
_bspa
_cBNPHU
082 4 _222
100 1 _aSolano Pérez, Juan
_957224
245 1 3 _a La sombra del tiempo :
_bpoesías variadas /
_cJuan Solano Pérez.
250 _a2da. ed. ampliada
260 _aSanto Domingo :
_bSoto Castillo,
_c2019.
300 _a64 p. ;
_c21 cm.
590 _aInventariado, 2021 /LP
590 _aLa biblioteca posee 3 ejemplar autografiado por la autora
910 _aLopérez
942 _2ddc
_cLBS1
999 _c50518
_d50518